000 00338nam a2200145Ia 4500
008 230917s9999||||xx |||||||||||||| ||und||
040 _e158496
_aMAIN
041 _aEnglish
082 _a588 G293H
100 _aGeorge, Peter
245 0 _aHandbook of Bryophyta
260 _aNew Delhi
_bRajat
_c2010
300 _a291 p.
942 _cBK
999 _c150460
_d150460